[Event "Mislata op 50th"]
[Site "Mislata"]
[Date "2016.08.12"]
[Round "7"]
[White "Orosa Martinez, Victor"]
[Black "Perez Gisbert, Santiago"]
[Result "0-1"]
[WhiteElo "2085"]
[BlackElo "2029"]
[PlyCount "60"]
[EventDate "2016.08.08"]
[EventType "swiss"]
[EventRounds "9"]
[EventCountry "ESP"]
[SourceTitle "EXT 2017"]
[Source "ChessBase"]
[SourceDate "2016.10.25"]
[SourceVersion "1"]
[SourceVersionDate "2016.10.25"]
[SourceQuality "1"]

1. d4 e6 2. c4 b6 3. e4 Bb7 4. Nc3 Bb4 5. Bd3 f5 6. exf5 Bxg2 7. Qh5+ Kf8 8. Nge2 Bxh1 9. f3 Nf6 10. Qh3 Nc6 11. Bg5 Qe7 12. 0-0-0 Bxc3 13. bxc3 a5 14. Kb1 exf5 15. Rxh1 h6 16. Nf4 Kf7 17. Bxf6 Qxf6 18. Rg1 g5 19. Nd5 Qd6 20. Qxf5+ Ke8 21. c5 bxc5 22. dxc5 Rb8+ 23. Ka1 Qe5 24. Nf6+ Ke7 25. Nd5+ Kd8 26. Qf7 Ne7 27. c6 Qxd5 28. Qf6 Rg8 29. Re1 Qd6 30. Qf7 Qa3 0-1

[Event "La Vila Region-ch"]
[Site "La Vila"]
[Date "2015.11.14"]
[Round "6.8"]
[White "Serarols Mabras, Bernat"]
[Black "Perez Gisbert, Santiago"]
[Result "1-0"]
[WhiteElo "2224"]
[BlackElo "1965"]
[PlyCount "67"]
[EventDate "2015.10.03"]
[EventType "swiss"]
[EventRounds "7"]
[EventCountry "ESP"]
[SourceTitle "EXT 2024"]
[Source "ChessBase"]
[SourceDate "2023.10.10"]
[SourceVersion "1"]
[SourceVersionDate "2023.10.10"]
[SourceQuality "1"]

1. d4 e6 2. c4 Nf6 3. Nf3 Bb4+ 4. Bd2 Qe7 5. g3 0-0 6. Bg2 Bxd2+ 7. Qxd2 d6 8. 0-0 e5 9. Nc3 e4 10. Ng5 e3 11. Qxe3 Qxe3 12. fxe3 Re8 13. Nd5 Na6 14. Nxf6+ gxf6 15. Ne4 Kg7 16. Nxf6 Rxe3 17. Nh5+ Kh6 18. Nf4 c6 19. Kf2 Re7 20. e4 Bg4 21. a3 Rae8 22. Rfe1 Nb8 23. Re3 Nd7 24. Rae1 Nf6 25. h3 Bh5 26. g4 Bg6 27. e5 dxe5 28. dxe5 Nd7 29. e6 fxe6 30. Nxe6 Bf7 31. g5+ Kg6 32. Be4+ Kh5 33. Bf3+ Kg6 34. Nf4+ 1-0

[Event "Alzira op"]
[Site "Alzira"]
[Date "2014.08.26"]
[Round "8"]
[White "Jarque Megias, Juan Jose"]
[Black "Perez Gisbert, Santiago"]
[Result "1/2-1/2"]
[WhiteElo "1854"]
[BlackElo "1937"]
[PlyCount "118"]
[EventDate "2014.08.22"]
[EventType "swiss"]
[EventRounds "9"]
[EventCountry "ESP"]
[SourceTitle "EXT 2016"]
[Source "ChessBase"]
[SourceDate "2015.10.08"]
[SourceVersion "1"]
[SourceVersionDate "2015.10.08"]
[SourceQuality "1"]

1. e4 e6 2. d4 d5 3. Nc3 Bb4 4. e5 c5 5. a3 Bxc3+ 6. bxc3 Qc7 7. Qg4 Ne7 8. Qxg7 Rg8 9. Qxh7 cxd4 10. Ne2 Nbc6 11. f4 Bd7 12. Qd3 dxc3 13. Qxc3 Nf5 14. Be3 0-0-0 15. Rd1 Qa5 16. Qxa5 Nxa5 17. Bxa7 Nc4 18. Bf2 Nxa3 19. Bc5 Nc4 20. Kf2 Ba4 21. Rc1 Bc6 22. Nd4 Nxd4 23. Bxd4 Kd7 24. Rg1 Rg4 25. g3 Rh8 26. h3 Rg7 27. Rd1 Ba4 28. Bxc4 dxc4 29. Bc3+ Kc8 30. Rd4 Rxh3 31. Rxc4+ Bc6 32. Ba5 Rg8 33. Rc3 Rg4 34. Rd3 b5 35. Rc3 Kb7 36. Bb4 Bd5 37. Ke2 Rh2+ 38. Ke3 Bc4 39. Kf3 Be2+ 40. Ke4 Bc4 41. Rd1 Bd5+ 42. Kd4 Rg8 43. Kc5 Rc8+ 44. Kd6 Rxc2 45. Rxc2 Rxc2 46. Ke7 Rc7+ 47. Kf6 Be4 48. Be7 Bg6 49. g4 Rc5 50. Kg5 Be4 51. Rd7+ Rc7 52. Rd4 Rc4 53. Rxc4 bxc4 54. f5 exf5 55. gxf5 Bd5 56. Kf4 c3 57. Ke3 c2 58. Ba3 Kc8 59. Kd4 Ba2 1/2-1/2

[Event "Valencia-ch U18"]
[Site "Valencia"]
[Date "2012.04.13"]
[Round "5"]
[White "Perez Gisbert, Santiago"]
[Black "Chakrian, Tigran"]
[Result "0-1"]
[WhiteElo "1540"]
[BlackElo "1955"]
[PlyCount "98"]
[EventDate "2012.04.11"]
[EventType "swiss"]
[EventRounds "6"]
[EventCountry "ESP"]
[SourceTitle "CBM 147 Extra"]
[Source "ChessBase"]
[SourceDate "2012.04.24"]
[SourceVersion "1"]
[SourceVersionDate "2012.04.24"]
[SourceQuality "1"]

1. e4 c6 2. d4 d5 3. Nc3 dxe4 4. Nxe4 Bf5 5. Ng3 Bg6 6. Nf3 e6 7. h4 h6 8. h5 Bh7 9. Bd3 Bxd3 10. Qxd3 Qc7 11. Bd2 Nd7 12. 0-0-0 0-0-0 13. Ne4 Nc5 14. Nxc5 Bxc5 15. Qe2 Bd6 16. Bc3 Nf6 17. Ne5 Nd5 18. Qe1 Nxc3 19. Qxc3 Bxe5 20. dxe5 Rd5 21. Rhe1 Rhd8 22. Rxd5 cxd5 23. Qg3 Qa5 24. Re3 d4 25. Rd3 Qe1+ 26. Rd1 Qe2 27. Rd2 Qxh5 28. Qxg7 Qg6 29. Qxg6 fxg6 30. f3 Kc7 31. Rd1 Kc6 32. c4 Kc5 33. b3 d3 34. Rf1 g5 35. f4 Rf8 36. Kd2 Kd4 37. Rf3 Rxf4 38. Rxd3+ Kxe5 39. Rh3 Rf2+ 40. Kc3 Rxg2 41. Rxh6 Rxa2 42. Rg6 Kf5 43. Rg7 Kf4 44. Rf7+ Kg3 45. Re7 g4 46. Rxe6 Kf2 47. Rf6+ Kg2 48. Rf7 g3 49. Rg7 Kf2 0-1

[Event "Valencia-ch U18"]
[Site "Valencia"]
[Date "2012.04.13"]
[Round "6"]
[White "Serarols Mabras, Bernat"]
[Black "Perez Gisbert, Santiago"]
[Result "1-0"]
[WhiteElo "1903"]
[BlackElo "1540"]
[PlyCount "109"]
[EventDate "2012.04.11"]
[EventType "swiss"]
[EventRounds "6"]
[EventCountry "ESP"]
[SourceTitle "CBM 147 Extra"]
[Source "ChessBase"]
[SourceDate "2012.04.24"]
[SourceVersion "1"]
[SourceVersionDate "2012.04.24"]
[SourceQuality "1"]

1. d4 e6 2. c4 d5 3. Nf3 Nf6 4. Bg5 Bb4+ 5. Nbd2 Nbd7 6. e3 0-0 7. a3 Bxd2+ 8. Qxd2 h6 9. Bf4 c5 10. cxd5 exd5 11. Bd3 Ne4 12. Qc2 Qe7 13. 0-0 b6 14. Nd2 Nxd2 15. Qxd2 c4 16. Bc2 Nf6 17. Bg3 Ne4 18. Qe2 Bf5 19. Rfe1 Rfe8 20. Bf4 g5 21. Be5 f6 22. f3 Nc3 23. bxc3 Bxc2 24. Qxc2 fxe5 25. dxe5 Qxe5 26. Rad1 Rad8 27. Rd4 Qf6 28. Qd2 Kh8 29. Rd1 Qe7 30. e4 Qc5 31. Kh1 Qxa3 32. exd5 Qe7 33. h3 b5 34. d6 Qe3 35. Qc2 Rd7 36. Qf5 Qe6 37. Qxb5 Red8 38. Qxc4 Qxc4 39. Rxc4 Rxd6 40. Rxd6 Rxd6 41. Rc8+ Kg7 42. Rc7+ Kg6 43. Rxa7 Rc6 44. Ra3 Kf5 45. Kh2 Kf4 46. Ra4+ Ke3 47. Re4+ Kf2 48. c4 Rc5 49. f4 Rf5 50. c5 Rxc5 51. Re5 Rc6 52. fxg5 hxg5 53. Rxg5 Rh6 54. Rf5+ Ke3 55. Rf8 1-0

[Event "Provincial-ch Elche Preferente"]
[Site "Valencia"]
[Date "2011.11.19"]
[Round "6"]
[White "Perez Gisbert, Santiago"]
[Black "Bouzidi, Mohamed"]
[Result "0-1"]
[WhiteElo "1527"]
[BlackElo "1889"]
[PlyCount "50"]
[EventDate "2011.10.01"]
[EventType "swiss"]
[EventRounds "7"]
[EventCountry "ESP"]
[SourceTitle "EXT 2024"]
[Source "ChessBase"]
[SourceDate "2023.10.10"]
[SourceVersion "1"]
[SourceVersionDate "2023.10.10"]
[SourceQuality "1"]

1. e4 c5 2. Nf3 Nc6 3. d4 cxd4 4. Nxd4 e5 5. Nb5 a6 6. N5c3 Nf6 7. Bg5 h6 8. Bh4 Qb6 9. b3 g5 10. Bg3 Bb4 11. Bd3 Qd4 12. Qd2 d5 13. a3 dxe4 14. axb4 exd3 15. Qxd3 Qxd3 16. cxd3 Nxb4 17. Kd2 Nd7 18. f3 0-0 19. Na3 Nc5 20. Bxe5 Nxb3+ 21. Ke3 Nxa1 22. Rxa1 Re8 23. d4 f6 24. Ne4 Nd5+ 25. Kd3 fxe5 0-1